Central Library OPAC University of Rajshahi

Principles of marketing / (Record no. 53898)

MARC details
000 -LEADER
fixed length control field 00778nam a2200265 a 4500
001 - CONTROL NUMBER
control field 53898
003 - CONTROL NUMBER IDENTIFIER
rucl marc code BD-RjUL
005 - DATE AND TIME OF LATEST TRANSACTION
control field 20211209080035.0
008 - FIXED-LENGTH DATA ELEMENTS--GENERAL INFORMATION
fixed length control field 140210s2004 ii a b 001 0 eng
020 ## - INTERNATIONAL STANDARD BOOK NUMBER
International Standard Book Number 8129702010
Terms of availability : Rs 395
035 ## - SYSTEM CONTROL NUMBER
System control number (BD-RjUL)54020
040 ## - CATALOGING SOURCE
Original cataloging agency DLC
Transcribing agency DLC
Modifying agency DLC
-- BD-RjUL
Language of cataloging eng
041 ## - LANGUAGE CODE
Language code of text/sound track or separate title eng
082 00 - DEWEY DECIMAL CLASSIFICATION NUMBER
Classification number 658.8
Edition number 23
Author mark and year KOP 2004
100 1# - MAIN ENTRY--PERSONAL NAME
Personal name Kotler, Philip.
9 (RLIN) 1938
245 10 - TITLE STATEMENT
Title Principles of marketing /
Statement of responsibility, etc. Philip Kotler , Gary Armstraong
250 ## - EDITION STATEMENT
Edition statement 10th ed.
260 ## - PUBLICATION, DISTRIBUTION, ETC. (IMPRINT)
Place of publication, distribution, etc. India :
Name of publisher, distributor, etc. Person education,
Date of publication, distribution, etc. c2004.
300 ## - PHYSICAL DESCRIPTION
Pagination xxix, 661 p. :
Illustrations ill. ;
Size 25 cm.
504 ## - BIBLIOGRAPHY, ETC. NOTE
Bibliography, etc Includes bibliographical references and indexes.
650 #0 - SUBJECT ADDED ENTRY--TOPICAL TERM
Topical term or geographic name as entry element Marketing.
9 (RLIN) 48041
700 ## - ADDED ENTRY--PERSONAL NAME
Personal name Armstraong, Gary
942 ## - ADDED ENTRY ELEMENTS (KOHA)
Source of classification or shelving scheme Dewey Decimal Classification
Koha item type Books
Holdings
Lost status Source of classification or shelving scheme Damaged status Not for loan Collection code Permanent Location Current Location Shelving location Date acquired Source of acquisition Cost, normal purchase price Total Checkouts Full call number Date last seen Date checked out Copy number Koha item type
  Dewey Decimal Classification     Non-fiction Central Library, University of Rajshahi Central Library, University of Rajshahi   13/02/2008 Paragon Enterprizes, Dhaka 395.00 3 658.8 KOP 2004 16/02/2026 02/02/2026 C-2 Books
  Dewey Decimal Classification   Not For Loan Non-fiction Central Library, University of Rajshahi Central Library, University of Rajshahi Reading Room 31/12/2005 Paragon Interprise , Dhaka 395.00   658.8 KOP 2004 21/10/2019   C-1 Books